000 00375nam a2200145Ia 4500
008 230711s9999||||xx |||||||||||||| ||und||
041 _aENG
082 _a4
_bMA-D
100 _aMartin,James
245 0 _aPrinciples of database management
250 _a1st
260 _c1988
_aNew Delhi
_bPrentice-Hall of India Private Limited
650 _aComputer Engineering
942 _cBK
999 _c679
_d679